Giáo trình di truyền học

Сохранить в:
Библиографические подробности
Главный автор: Vũ, Đức Lưu
Другие авторы: Nguyễn, Minh Công
Формат:
Язык:Undetermined
Опубликовано: H. ĐHSP 2007
Предметы:
Online-ссылка:http://lrc.tdmu.edu.vn/opac/search/detail.asp?aID=2&ID=5549
Метки: Добавить метку
Нет меток, Требуется 1-ая метка записи!
Thư viện lưu trữ: Trung tâm Học liệu Trường Đại học Thủ Dầu Một
LEADER 00610nam a2200205Ia 4500
001 TDMU_5549
008 210410s9999 xx 000 0 und d
082 |a 576 
090 |b V500 
100 |a Vũ, Đức Lưu 
245 0 |a Giáo trình di truyền học 
245 0 |c Vũ Đức Lưu 
260 |a H. 
260 |b ĐHSP 
260 |c 2007 
300 |a 484tr. 
650 |a Di truyền học  |v Giáo trình 
700 |a Nguyễn, Minh Công 
856 |u http://lrc.tdmu.edu.vn/opac/search/detail.asp?aID=2&ID=5549 
980 |a Trung tâm Học liệu Trường Đại học Thủ Dầu Một